Elements of power system analysis (Record no. 3209)

000 -LEADER
fixed length control field 00596nam a2200217 a 4500
001 - CONTROL NUMBER
control field 3209
003 - CONTROL NUMBER IDENTIFIER
control field BD-DhUET
008 - FIXED-LENGTH DATA ELEMENTS--GENERAL INFORMATION
fixed length control field 810331s1982 nyua 001 0 eng
020 ## - INTERNATIONAL STANDARD BOOK NUMBER
International Standard Book Number 0070612781
020 ## - INTERNATIONAL STANDARD BOOK NUMBER
International Standard Book Number 007061279X
040 ## - CATALOGING SOURCE
Original cataloging agency DLC
Transcribing agency DLC
Modifying agency BD-DhUET
082 00 - DEWEY DECIMAL CLASSIFICATION NUMBER
Classification number 623.12
Item number STE/1982
100 1# - MAIN ENTRY--PERSONAL NAME
Personal name Stevenson, William D.
245 10 - TITLE STATEMENT
Title Elements of power system analysis
250 ## - EDITION STATEMENT
Edition statement 4th ed.
260 ## - PUBLICATION, DISTRIBUTION, ETC. (IMPRINT)
Place of publication, distribution, etc. New York
Name of publisher, distributor, etc. McGraw-Hill
Date of publication, distribution, etc. 1982
300 ## - PHYSICAL DESCRIPTION
Extent xii, 436 p.
Other physical details ill.
Dimensions 25 cm.
490 ## - SERIES STATEMENT
Series statement McGRAW-HILL series in electrical engineering
650 #0 - SUBJECT ADDED ENTRY--TOPICAL TERM
Topical term or geographic name as entry element Electric power system stability
942 ## - ADDED ENTRY ELEMENTS (KOHA)
Koha item type General Book
Holdings
Date acquired Koha issues (times borrowed) Price effective from Lost status Koha date last seen Source of classification or shelving scheme Damaged status Koha normalized classification for sorting Piece designation (barcode) Not for loan Withdrawn status Koha date last borrowed Location (home branch) Koha renewals Sublocation or collection (holding branch) Koha item type Shelving location Koha full call number Copy number
2014-10-22522014-10-22 2021-09-27  623_120000000000000_STE_1982110313  2021-09-27Central Library, BUET Central Library, BUETGeneral BookCirculation section623.12/STE/19821
2015-02-10 2015-02-10 2015-02-10  623_120000000000000_STE_198269178   Central Library, BUET Central Library, BUETGeneral BookCirculation section623.12/STE/19822
2015-02-11222015-02-11 2021-08-31  623_120000000000000_STE_198278208   2021-08-31Central Library, BUET2Central Library, BUETGeneral BookCirculation section623.12/STE/19823
2015-06-24 2015-06-24 2015-06-24  623_120000000000000_STE_198267386   Central Library, BUET Central Library, BUETReading ItemReading section623.12/STE/19824
2015-06-24 2015-06-24 2015-06-24  623_120000000000000_STE_198267384   Central Library, BUET Central Library, BUETReading ItemReading section623.12/STE/19825
2015-06-24 2015-06-24 2015-06-24  623_120000000000000_STE_198267385   Central Library, BUET Central Library, BUETReading ItemReading section623.12/STE/19826
2015-06-24 2015-06-24 2015-06-24  623_120000000000000_STE_198263905   Central Library, BUET Central Library, BUETReading ItemReading section623.12/STE/19827
2015-06-25 2015-06-25 2015-06-25  623_120000000000000_STE_198263906   Central Library, BUET Central Library, BUETReading ItemReading section623.12/STE/19828
2015-06-25 2015-06-25 2015-06-25  623_120000000000000_STE_198263907   Central Library, BUET Central Library, BUETReading ItemReading section623.12/STE/19829
2015-06-28 2015-06-28 2015-06-28  623_120000000000000_STE_198263908   Central Library, BUET Central Library, BUETReading ItemReading section623.12/STE/198210